Logo

Description automatically generated
विद्यार्जन
 संसाधन केंद्र, भारतीय प्रौद्योगिकी संस्थान इन्दौर
Learning Resource Center, Indian Institute of Technology Indore

ऑनलाइन सार्वजनिक अभिगम प्रसूची
Online Public Access Catalogue (OPAC)

Mind is your business ; Body the greatest gadget [2 books in 1] (Record no. 50245)

MARC details
000 -LEADER
fixed length control field 00556nam a22001937a 4500
005 - DATE AND TIME OF LATEST TRANSACTION
control field 20220422121417.0
008 - FIXED-LENGTH DATA ELEMENTS--GENERAL INFORMATION
fixed length control field 220422b |||||||| |||| 00| 0 eng d
020 ## - INTERNATIONAL STANDARD BOOK NUMBER
International Standard Book Number 9788184956955
Qualifying information pbk
082 ## - DEWEY DECIMAL CLASSIFICATION NUMBER
Classification number 128
Item number SAD
100 ## - MAIN ENTRY--PERSONAL NAME
Personal name Sadhguru
245 ## - TITLE STATEMENT
Title Mind is your business ; Body the greatest gadget [2 books in 1]
260 ## - PUBLICATION, DISTRIBUTION, ETC.
Place of publication, distribution, etc. Mumbai
Name of publisher, distributor, etc. Jaico Publishing House
Date of publication, distribution, etc. 2015
300 ## - PHYSICAL DESCRIPTION
Extent iii, 77p., iii, 93p. ; 21cm.
653 ## - INDEX TERM--UNCONTROLLED
Uncontrolled term Personality development
653 ## - INDEX TERM--UNCONTROLLED
Uncontrolled term Mind and body
653 ## - INDEX TERM--UNCONTROLLED
Uncontrolled term Ideas
653 ## - INDEX TERM--UNCONTROLLED
Uncontrolled term Personality development
942 ## - ADDED ENTRY ELEMENTS (KOHA)
Source of classification or shelving scheme Dewey Decimal Classification
Koha item type Book
Holdings
Withdrawn status Lost status Source of classification or shelving scheme Damaged status Not for loan Home library Current library Shelving location Date acquired Source of acquisition Total Checkouts Total Renewals Full call number Barcode Date last seen Date last checked out Price effective from Koha item type
    Dewey Decimal Classification     LRC, IIT Indore LRC, IIT Indore 3rd Floor - General Stack 22/04/2022 PO_2021-22_39 ; Better Book Service, Delhi ; Bill No.BBS/41, dt.04.04.2022 ; Price: INR 199.00 10 3 128 SAD 35321 15/04/2025 05/04/2025 22/04/2022 Book
Copyright © 2024, 2021, 2017 Indian Institute of Technology Indore. All Rights Reserved.
Managed & maintained by Learning Resource Center, IIT Indore